Shina kazoku no kōzō /
Saved in:
| Main Author: | |
|---|---|
| Format: | Book |
| Language: | Japanese |
| Published: |
Tōkyō,
Iwanami Shoten,
Shōwa 17 [1942]
|
| Subjects: | |
| Tags: |
Add Tag
No Tags, Be the first to tag this record!
|
| LEADER | 00657cam a2200217I 4500 | ||
|---|---|---|---|
| 001 | 007724100-2 | ||
| 005 | 20020606104010.5 | ||
| 008 | 790306s1942 ja 000 0 jpnrc | ||
| 010 | |a j 61004695 | ||
| 035 | 0 | |a ocm04717942 | |
| 040 | |a Cornell Univ. Library |c OSU |d OSU |d IXA |d YNH | ||
| 100 | 1 | |a Shimizu, Morimitsu, |d 1904- | |
| 245 | 1 | 0 | |a Shina kazoku no kōzō / |c Shimizu Morimitsu cho. |
| 260 | |a Tōkyō, |b Iwanami Shoten, |c Shōwa 17 [1942] | ||
| 300 | |a 2, 4, 582 p. |c 22 cm. | ||
| 500 | |a Colophon inserted. | ||
| 504 | |a Bibliographical footnotes. | ||
| 650 | 0 | |a Families |z China. | |
| 651 | 0 | |a China |x Social life and customs. | |
| 988 | |a 20020608 | ||
| 906 | |0 OCLC | ||


